000 01623nam a2200469 i 4500
001 20214
003 KOSZ 005
005 20210427092641.0
008 980911s1980 pl f |000 0 pol d
015 _aUWD 1980/6622
035 _a991005497039705066
035 _a(PL-WaBN)b11436955-48omnis_nlop
035 _ab11436955
035 _a(OCoLC)835736798
035 _awbpkbg039131
035 _azz2003972933
035 _a(PL)b0000001143695
035 _a(EXLNZ-48OMNIS_NETWORK)9910513117505606
040 _aWA N
_cWA N
_dKOSZ 005/HR
041 1 _apol
_hrus
046 _k1977
080 _a141.8
080 _a(07)
245 0 0 _aPodstawy filozofii marksistowsko-leninowskiej /
_c[przygot. zespół aut. F. W. Konstantinow et al. ; z ros. przeł. Henryk Widłaszewski].
246 1 _iTyt. oryg.:
_aOsnovy marksistsko-leninskoj filosofii
260 _aWarszawa :
_b"Książka i Wiedza",
_c1980.
300 _a672, [3] s. ;
_c20 cm.
336 _aTekst
_btxt
_2rdacontent
337 _aBez urządzenia pośredniczącego
_bn
_2rdamedia
338 _aWolumin
_bnc
_2rdacarrier
380 _aKsiążki
388 _a1901-2000
388 _a1945-1989
650 7 _aMarksizm
_2DBN
658 _aFilozofia i etyka
700 1 _aKonstantinov, Fedor Vasil'evič
_d(1901-1991)
_eAutor
700 1 _aWidłaszewski, Henryk
_eTłumaczenie
710 2 _aSpółdzielnia Wydawniczo-Handlowa "Książka i Wiedza"
_4pbl
856 _uhttp://koha.tu.koszalin.pl/cgi-bin/koha/opac-detail.pl?biblionumber=20214
_yKatalog online BPK
942 _2UKD
_cKS
999 _c20214
_d20214